000 00255nam a22001217a 4500
008 171102b xxu||||| |||| 00| 0 eng d
041 _aeng
080 _a33
100 _a59
101 _aEKO
245 _aSECURITY ANALYSIS
_cCOTTLE, S
942 _2udc
_cBK
999 _c37181
_d37181